1285 1321 1920 1754 1717 1732 1389 1394 1928 1772 1206 1217 1567 1390 1097 1060 1661 1081 1122 1176 1082 1778 1469 1064 1158 1097 1503 1802 1333 1421 1470 1813 1865 1711 1730 1826 1796 1282 1777 1661 1181 1300 1074 1755 1294 1838 1659 1895 1545 1510 1492 1085 1939 1552 1715 1650 1973 1581 1051 1453 1512 1109 1942 1694 1609 1761 1538 1389 1214 1191 1154 1825 1791 1173 1742 1187 1918 1425 1300 1345 1322 1009 1952 1337 1339 1094 1369 1621 1325 1002 1421 1322 1487 1197 1867 1697 1648 1049 1105 BCNSPRNW ULIB Ver.6.0+V

เปลี่ยนเป็นภาษาไทย

Change to English
 แสดงรายละเอียดบรรณานุกรม
  กลับหน้าหลัก

Brief Record : Get Marc (ISO 2709) : E-mail record : QR code < ปิดหน้าต่าง
LEADER : 00000nam 2200000uu 4500
001    13399128038
003     ULIB
008    220118s2563||||th 000 0 tha d
020 ^  ^a9786164492332
050 ^  ^aPE1128^bอ769ป
100 1  ^aอีคีแทก.
245 1  ^aประลองโจทย์ข้อสอบจริง TOEIC 1000 ข้อ LC (Listening) /^cเขียนโดย อีคีแทก ; แปลโดย พลอยพรรณ จันทร์สว่าง ; บรรณาธิการ ต่อทอง ทองหล่อ.
260 ^  ^aนนทบุรี :^bธิงค์ บียอนด์ บุ๊คส์,^c2563.
300 ^  ^a216 หน้า :^bภาพประกอบ
500 ^  ^aทางลัดสู่คะแนนสอบ TOEIC ที่ดีที่สุด.
500 ^  ^aฉบับอิงตามข้อสอบ TOEIC ที่ออกมาใหม่เหมาะสมกับผู้ที่ต้องการเตรียมตัวสอบ 100%.
650 ^  ^aโทอิก.
650 ^  ^aภาษาอังกฤษ^xการใช้ภาษา.
650 ^  ^aภาษาอังกฤษ^xข้อสอบและเฉลย.
650 ^  ^aภาษาอังกฤษ^xตำราสำหรับชนต่างชาติ.
700 0  ^aพลอยพรรณ จันทร์สว่าง,^eผู้แปล.
700 0  ^aต่อทอง ทองหล่อ,^eบรรณาธิการ.
945    ^p300^l0^i29183
999    ^aกัณชพร จุลอักษร
รายการนี้ยังไม่มีแท็ก
คุณยังไม่ได้ล็อกอิน คุณสามารถมีกิจกรรมร่วมกับเว็บไซต์ได้ แต่ต้องล็อกอินก่อน ::
  ล็อกอิน

รายการสื่อสารสนเทศ

ลำดับที่ ประเภท เลขเรียก/บาร์โค้ด สถานที่ สถานะ
1. วิทยาศาสตร์การแพทย์ และสุขภาพ
วิทยาศาสตร์การแพทย์ และสุขภาพ
PE1128 อ769ป ฉ.1 
  Barcode: 29183
ห้องสมุดวิทยาเขตนครสวรรค์
►หนังสือทั่วไป:l:General Books
บนชั้น

รายการใกล้เคียง
    ผู้แต่ง [อีคีแทก.]

    หัวเรื่อง [โทอิก.]

BibComment


ยังไม่เคยถูกคอมเมนท์

คอมเมนท์ทรัพยากรรายการนี้
  คอมเมนท์: ประลองโจทย์ข้อสอ..


 Copyright 2026. Bcnsprnw @Library